000 00778nam a2200205 a 4500
001 000023643
005 20200930022352.0
008 101216s1996 ec 000 0 spa d
040 _aDO-SdBNP
_bspa
_cBNPHU
082 _ann*
_bnn*
100 1 _aVelasco, Juan de,
_d1727-1792.
_93122
245 1 0 _aHistoria del reino de Quíto en la América meridional /
_cJuan de Velasco.
260 _aQuíto :
_bCasa de la Cultura Ecuatoriana "Benjamín Carrión",
_c1996.
300 _av. ;
_c21 cm.
490 1 _aAustral. Biografías y vidas novelescas
_v83
505 0 _aIncluye notas y referencias bibliográficas al pie de las páginas.
500 _aLa biblioteca sólo posee el volumen 2, parte 2.
830 0 _aAustral ;
_pBiografías y vidas novelescas
_v83
_942099
049 _aBNGR
999 _c23139
_d23139